000 00556nam a2200181Ia 4500
003 GCL
008 140319s9999 xx 000 0 ara d
040 _aGCL /
_cGCL
082 0 4 _a811.01
_bا غ
100 1 _aاحمد محمد الكوفى
245 1 0 _aالغزل فى العصر الجاهلى /
_cاحمد محمد الكوفى
300 _a447 ص
490 _a
650 0 4 _aالشعر العربى
650 0 4 _aالشعر الغزلى
650 0 4 _aالشعر العربى - تاريخ ونقد - العصر الجاهلى
942 _2ddc
_cBK
999 _c37781
_d37781